Actors who worked with Robert Rodriguez - Statistics

General Stats
  • This quiz has been taken 6 times
  • The average score is 42 of 154
Answer Stats
Films Answer % Correct
Alita: Battle Angel Christoph Waltz
80%
Sin City, Sin City: A Dame to Kill For, Spy Kids: All the Time in the World, Machete, Machete Kills Jessica Alba
80%
Spy Kids, Spy Kids 2: The Island of Lost Dreams, Spy Kids 3-D: Game Over, Desperado, Machete Kills, Once Upon a Time in Mexico Antonio Banderas
60%
Sin City, Sin City: A Dame to Kill For, Planet Terror Bruce Willis
60%
From Dusk Till Dawn, Spy Kids, Spy Kids 2: The Island of Lost Dreams, Spy Kids 3-D: Game Over, Spy Kids: All the Time in the World, Planet Terror, Desperado, Machete, Machete Kills, Once Upon a Time in Mexico Danny Trejo
60%
From Dusk Till Dawn, Spy Kids, Spy Kids 3-D: Game Over George Clooney
60%
From Dusk Till Dawn Harvey Keitel
60%
Alita: Battle Angel Jennifer Connelly
60%
From Dusk Till Dawn Juliette Lewis
60%
From Dusk Till Dawn, Planet Terror, Desperado Quentin Tarantino
60%
From Dusk Till Dawn, Spy Kids 3-D: Game Over, The Faculty, Desperado, Once Upon a Time in Mexico, Roadracers Salma Hayek
60%
Spy Kids: Armageddon Zachary Levi
60%
Hypnotic Alice Braga
40%
Hypnotic Ben Affleck
40%
Sin City Brittany Murphy
40%
Sin City, Spy Kids, Spy Kids 2: The Island of Lost Dreams, Spy Kids 3-D: Game Over Carla Gugino
40%
Alita: Battle Angel Casper Van Dien
40%
Sin City: A Dame to Kill For Christopher Lloyd
40%
Machete Kills Cuba Gooding Jr.
40%
Spy Kids, Spy Kids 2: The Island of Lost Dreams, Spy Kids 3-D: Game Over, Spy Kids: All the Time in the World, Machete Daryl Sabara
40%
Machete Kills Demián Bichir
40%
Machete Don Johnson
40%
Sin City, Spy Kids 3-D: Game Over, The Faculty Elijah Wood
40%
From Dusk Till Dawn Ernest Liu
40%
Once Upon a Time in Mexico Eva Mendes
40%
Planet Terror Freddy Rodríguez
40%
Alita: Battle Angel, Hypnotic Jackie Earle Haley
40%
Sin City: A Dame to Kill For, Spy Kids: All the Time in the World Jeremy Piven
40%
From Dusk Till Dawn, Roadracers John Hawkes
40%
Once Upon a Time in Mexico Johnny Depp
40%
Sin City, The Faculty Josh Hartnett
40%
Sin City: A Dame to Kill For, Machete Kills Lady Gaga
40%
Alita: Battle Angel Mahershala Ali
40%
Machete Kills Mel Gibson
40%
Sin City Michael Clarke Duncan
40%
Sin City Michael Madsen
40%
Alita: Battle Angel, Machete, Machete Kills Michelle Rodriguez
40%
Sin City Nick Offerman
40%
Spy Kids: All the Time in the World Ricky Gervais
40%
Machete Robert De Niro
40%
Sin City, Sin City: A Dame to Kill For Rosario Dawson
40%
Alita: Battle Angel Rosa Salazar
40%
Planet Terror Rose McGowan
40%
Machete Kills Sofía Vergara
40%
Spy Kids 2: The Island of Lost Dreams, Spy Kids 3-D: Game Over, Desperado Steve Buscemi
40%
Machete Steven Seagal
40%
Spy Kids 3-D: Game Over Sylvester Stallone
40%
The Faculty Usher
40%
Machete Kills Walton Goggins
40%
Once Upon a Time in Mexico Willem Dafoe
40%
We Can Be Heroes Adriana Barraza
20%
We Can Be Heroes Akira Akbar
20%
Spy Kids, Spy Kids 2: The Island of Lost Dreams, Spy Kids 3-D: Game Over, Spy Kids: All the Time in the World, Machete Kills Alexa PenaVega
20%
Sin City Alexis Bledel
20%
Machete Kills Amber Heard
20%
We Can Be Heroes Andrew Diaz
20%
We Can Be Heroes Andy Walken
20%
Sin City Benicio del Toro
20%
Spy Kids 2: The Island of Lost Dreams, Spy Kids 3-D: Game Over Bill Paxton
20%
We Can Be Heroes Boyd Holbrook
20%
El Mariachi Carlos Gallardo
20%
The Adventures of Sharkboy and Lavagirl Cayden Boyd
20%
Machete Kills Charlie Sheen
20%
We Can Be Heroes Christian Slater
20%
Sin City: A Dame to Kill For Christopher Meloni
20%
The Faculty Clea DuVall
20%
Sin City Clive Owen
20%
Spy Kids: Armageddon Connor Esterson
20%
El Mariachi Consuelo Gómez
20%
The Faculty Danny Masterson
20%
The Adventures of Sharkboy and Lavagirl, Roadracers David Arquette
20%
Sin City: A Dame to Kill For Dennis Haysbert
20%
We Can Be Heroes Dylan Henry Lau
20%
Alita: Battle Angel Ed Skrein
20%
Alita: Battle Angel Edward Norton
20%
Spy Kids 2: The Island of Lost Dreams, Spy Kids 3-D: Game Over Emily Osment
20%
Once Upon a Time in Mexico Enrique Iglesias
20%
Sin City: A Dame to Kill For Eva Green
20%
Spy Kids: Armageddon Everly Carganilla
20%
The Faculty Famke Janssen
20%
Planet Terror Fergie
20%
The Adventures of Sharkboy and Lavagirl George Lopez
20%
Spy Kids: Armageddon Gina Rodriguez
20%
Spy Kids 3-D: Game Over Glen Powell
20%
We Can Be Heroes, Hypnotic Hala Finley
20%
Spy Kids 2: The Island of Lost Dreams, Spy Kids 3-D: Game Over Holland Taylor
20%
The Adventures of Sharkboy and Lavagirl Jacob Davich
20%
Alita: Battle Angel Jai Courtney
20%
El Mariachi Jaime de Hoyos
20%
Sin City, Sin City: A Dame to Kill For Jaime King
20%
Shorts Jake Short
20%
Shorts James Spader
20%
Sin City: A Dame to Kill For Jamie Chung
20%
Shorts Jimmy Bennett
20%
Desperado Joaquim de Almeida
20%
Spy Kids: All the Time in the World Joel McHale
20%
From Dusk Till Dawn John Saxon
20%
Shorts Jon Cryer
20%
The Faculty Jon Stewart
20%
The Faculty Jordana Brewster
20%
Alita: Battle Angel Jorge Lendeborg Jr.
20%
Sin City: A Dame to Kill For Joseph Gordon-Levitt
20%
Sin City: A Dame to Kill For Julia Garner
20%
Sin City: A Dame to Kill For Juno Temple
20%
Shorts Kat Dennings
20%
Alita: Battle Angel Keean Johnson
20%
From Dusk Till Dawn Kelly Preston
20%
The Adventures of Sharkboy and Lavagirl Kristin Davis
20%
Alita: Battle Angel Lana Condor
20%
The Faculty Laura Harris
20%
Shorts Leslie Mann
20%
Machete Lindsay Lohan
20%
We Can Be Heroes Lotus Blossom
20%
We Can Be Heroes Lyon Daniels
20%
From Dusk Till Dawn Marc Lawrence
20%
Planet Terror Marley Shelton
20%
Sin City: A Dame to Kill For Marton Csokas
20%
Spy Kids: All the Time in the World Mason Cook
20%
Sin City, Sin City: A Dame to Kill For, Once Upon a Time in Mexico Mickey Rourke
20%
Spy Kids, Spy Kids 2: The Island of Lost Dreams, Spy Kids 3-D: Game Over Mike Judge
20%
We Can Be Heroes Nathan Blair
20%
Sin City Nick Stahl
20%
We Can Be Heroes Pedro Pascal
20%
The Faculty Piper Laurie
20%
Sin City, Sin City: A Dame to Kill For Powers Boothe
20%
We Can Be Heroes Priyanka Chopra
20%
Sin City: A Dame to Kill For Ray Liotta
20%
Spy Kids 2: The Island of Lost Dreams, Spy Kids 3-D: Game Over Ricardo Montalban
20%
Spy Kids, The Faculty Robert Patrick
20%
Spy Kids: All the Time in the World Rowan Blanchard
20%
Sin City Rutger Hauer
20%
The Adventures of Sharkboy and Lavagirl Sasha Pieterse
20%
Spy Kids 3-D: Game Over Selena Gomez
20%
The Faculty Shawn Hatosy
20%
Machete Shea Whigham
20%
The Adventures of Sharkboy and Lavagirl, We Can Be Heroes Taylor Dooley
20%
The Adventures of Sharkboy and Lavagirl Taylor Lautner
20%
Spy Kids Teri Hatcher
20%
Spy Kids, Spy Kids 2: The Island of Lost Dreams, Spy Kids 3-D: Game Over Tony Shalhoub
20%
Machete Kills Vanessa Hudgens
20%
We Can Be Heroes Vivien Lyra Blair
20%
Hypnotic William Fichtner
20%
Shorts William H. Macy
20%
We Can Be Heroes YaYa Gosselin
20%
Spy Kids, Spy Kids 2: The Island of Lost Dreams, Spy Kids 3-D: Game Over Alan Cummung
0%
Spy Kids: Armageddon Billy Magnussen
0%
Spy Kids: Armageddon D. J. Cotrona
0%
Alita: Battle Angel Eiza González
0%
We Can Be Heroes Isaiah Russell-Bailey
0%
Sin City: A Dame to Kill For, Planet Terror Josh Brolin
0%
El Mariachi Peter Marquardt
0%
The Faculty Summer Phoenix
0%
Spy Kids 2: The Island of Lost Dreams Taylor Momsen
0%
Planet Terror Zoe Bell
0%
No matching quizzes found
Score Distribution
Percent of People with Each Score
Percentile by Number Answered
Your Score History
You have not taken this quiz